|
|
|
|
| LEADER |
00000nam a22000005a 4500 |
| 001 |
16721 |
| 003 |
CL-ChBUA |
| 005 |
20120815103618.0 |
| 008 |
070301s1968 mx 000 0 spa |
| 040 |
|
|
|a CL-ChBUA
|c CL-ChBUA
|
| 082 |
0 |
0 |
|a 300
|
| 090 |
|
|
|c 16721
|d 16721
|
| 100 |
1 |
|
|a Polner, Murray.
|
| 245 |
1 |
0 |
|a Mejoramiento de los estudios sociales
|
| 260 |
|
|
|b UTEHA.
|a México.
|c c1968.
|
| 650 |
|
4 |
|a CIENCIAS SOCIALES.
|
| 942 |
|
|
|c LIB
|
| 952 |
|
|
|0 0
|1 0
|4 0
|7 0
|9 23186
|a UNACH
|b UNACH
|c 300
|d 2007-03-05
|i 35.366.
|l 0
|o 300 / P 778.
|p 24185
|r 2013-01-21 00:00:00
|u 23186
|w 2012-08-08
|y LIB
|k 300 / P 778.
|
| 999 |
|
|
|c 16721
|d 16721
|